000 00673cam a2200229 i 4500
001 1762810
005 20180221035453.0
008 761207s1977 nyu b 101 0 eng
010 _a 76042969
020 _a0123332508.
_a0123332567
040 _aDLC
_cDLC
_dDLC
041 _aeng
043 _an-us---
080 _a362.50973 HAV
082 0 0 _a362.50973 HAV
100 _a19
101 _aPOL
245 0 2 _aA Decade of Federal antipoverty programs :
_cedited by Robert H. Haveman.
504 _aIncludes bibliographical references and index.
906 _a7
_bcbc
_corignew
_d1
_eocip
_f19
_gy-gencatlg
942 _2ddc
_cBK
999 _c42997
_d42997